| 000 | 00450nam a2200169Ia 4500 | ||
|---|---|---|---|
| 005 | 20250424120323.0 | ||
| 008 | 250424s9999 xx 000 0 und d | ||
| 022 | _a15950298 | ||
| 050 | _aD 880 .S68/ | ||
| 245 | 0 | _aSouth south journal of culture and development | |
| 260 | _aUyo, Nigeria | ||
| 260 | _bEddivine ventures | ||
| 260 | _c2018 | ||
| 300 | _avii, 226 p. :ill. ; 20 cm. | ||
| 650 | _aDeveloping countries--Periodicals. | ||
| 942 | _cSR | ||
| 999 |
_c38648 _d38648 |
||